LEADER 01966nam 2200373 450 001 9910633995803321 005 20230329073758.0 035 $a(CKB)5590000001022475 035 $a(NjHacI)995590000001022475 035 $a(EXLCZ)995590000001022475 100 $a20230329d2022 uy 0 101 0 $ager 135 $aur||||||||||| 181 $ctxt$2rdacontent 182 $cc$2rdamedia 183 $acr$2rdacarrier 200 10$aKursbuch Geschichte der europa?ischen und globalen Moderne $eArbeitsformen, Fragestellungen, Texttypen /$fRolf-Ulrich Kunze 205 $aU?berarbeitete Neuausgabe. 210 1$aKarlsruhe :$cKIT Scientific Publishing,$d2022. 215 $a1 online resource (238 pages)Zugeho?rige Institution(en) am KIT Institut fu?r Technikzuku?nfte (ITZ) -- Publikationstyp Buch -- Publikationsjahr -- Sprache Deutsch -- Identifikator -- Umfang -- Schlagwo?rter -- Relationen in KITopen 311 $a1000148814 327 $aZugeho?rige Institution(en) am KIT Institut fu?r Technikzuku?nfte (ITZ) -- Publikationstyp Buch -- Publikationsjahr -- Sprache Deutsch -- Identifikator -- Umfang -- Schlagwo?rter -- Relationen in KITopen. 330 $a"Kursbuch Geschichte der europa?ischen und globalen Moderne" offers a compendium and study book on types of events, central terms and learning strategies in modern and contemporary European and global history as an exemplary history of technical-industrial modernity. Target groups are students of history, the humanities and social sciences as well as all technical and scientific subjects with an interest in modern history. 606 $aHistory, Modern 607 $aEurope$xHistory 615 0$aHistory, Modern. 676 $a940 700 $aKunze$b Rolf-Ulrich$0801737 801 0$bNjHacI 801 1$bNjHacl 906 $aBOOK 912 $a9910633995803321 996 $aKursbuch Geschichte der europa?ischen und globalen Moderne$93073782 997 $aUNINA